000 01139cam a2200349 i 4500
999 _c200431090
_d49302
001 200431090
003 TR-AnTOB
005 20230727164056.0
007 ta
008 131203s2017 tu 000 g01 d tur tur
020 _a9786052980811
040 _aTR-AnTOB
_beng
_erda
_cTR-AnTOB
_dTR-AnTOB
041 1 _atur
_hpor
050 0 0 _aPQ9281.A66
090 _aPQ9281.A66
_b.E519 2017
100 1 _aSaramago, José
_eauthor
_941346
240 _aEnsaio sobre a cegueira
_fTurkish
245 1 0 _aKörlük /
_cJose Saramago ; çeviren : Işık Ergüden.
250 _a4. basım : Aralık, 2017
264 1 _aİstanbul :
_bKırmızı kedi,
_c2017.
300 _a331 pages ;
_c21 cm
336 _atext
_btxt
_2rdacontent
337 _aunmediated
_bn
_2rdamedia
338 _avolume
_bnc
_2rdacarrier
490 0 _aKırmızı Kedi yayınevi :
_v753.
_aÇağdaş dünya edebiyatı :
_v84.
650 0 _aKörlük
_vRoman
_994383
650 7 _aPortekiz romanı
_y20. yüzyıl
_994382
650 0 _aPortekiz romanı
_994380
700 _aErgüden, Işık,
_d1960-
_etranslator
_9125502
942 _2lcc
_cBK